000 01130cam a2200289 i 4500
001 53467
003 Mx-PuUPA
005 20230522171641.0
008 140415s2008 mx d gr 000 0 spa d
020 _a9789689392347
040 _aMX-PuUPA
_bspa
_erda
_cMx-PuUPA
_dMx-PuUPA
041 0 _aspa
100 1 _aMeza Rojas, Patricia,
_eautor
_93199
245 1 4 _aLas competencias que los empresarios mexicanos requieren de los egresados universitarios /
_cPatricia Meza Rojas.
250 _aPrimera edición
264 1 _aPuebla, Puebla, México :
_bInstituto de Ciencias Sociales y Humanidades "Alfonso Vélez Pliego", Benemérita Universidad Autónoma de Puebla,
_c2008
300 _a188 páginas :
_bgráficas ;
_c23 cm
336 _atexto
_2rdacontent
_btxt
337 _asin medio
_2rdamedia
_bn
338 _avolumen
_2rdacarrier
_bnc
650 7 _aHabilidades para la vida
_zMéxico
_2armarc
650 7 _aEducación basada en competencias
_zMéxico
_2armarc
650 7 _aArte de vivir
_zMéxico
_2armarc
942 _2ddc
_cLI
_h338.47670972
_iM617
999 _c53467
_d53467